|
|
|
|
| LEADER |
00000nam a2200000 a 4500 |
| 001 |
vtls009484179 |
| 003 |
SK-MaSNL |
| 005 |
20260301211219.0 |
| 008 |
240315s2005 xxko g f 001 0 eng |
| 020 |
|
|
|a 0714844071
|q (brož.)
|
| 040 |
|
|
|a SNK
|b slo
|c SNK
|e AACR2
|
| 041 |
0 |
|
|a eng
|
| 043 |
|
|
|a n-us---
|
| 044 |
|
|
|a xxk
|a xxu
|c GB
|c US
|
| 072 |
|
7 |
|a 75
|x Maliarstvo
|2 konspekt
|
| 080 |
|
|
|a 75.071.1
|2 2001
|
| 080 |
|
|
|a 75(73)
|2 2001
|
| 080 |
|
|
|a 75.041.5
|2 2001
|
| 080 |
|
|
|a 75.036/.038
|2 2001
|
| 080 |
|
|
|a (73)
|2 2001
|
| 080 |
|
|
|a (084.11)
|2 2001
|
| 080 |
|
|
|a (047.53)
|2 2001
|
| 100 |
1 |
|
|a Ratcliff, Carter
|4 aut
|9 595686
|
| 245 |
1 |
0 |
|a Alex Katz
|c Carter Ratcliff, Robert Storr, Iwona Blazwick
|
| 250 |
|
|
|a 1st publ.
|
| 260 |
|
|
|a London
|b Phaidon
|c 2005
|
| 300 |
|
|
|a 256 s.
|b fareb. ilustr.
|c 29 cm
|
| 504 |
|
|
|a Obsahuje bibliogr. a reg.
|
| 600 |
1 |
7 |
|a Katz, Alex,
|d 1927-
|2 SNKMA
|9 474884
|
| 648 |
|
7 |
|a 20.-21. stor.
|2 SNKPH
|9 270701
|
| 650 |
0 |
7 |
|a maliari
|2 SNKPH
|9 3150
|
| 650 |
0 |
7 |
|a americké maliarstvo
|2 SNKPH
|9 3110
|
| 650 |
0 |
7 |
|a portrétne maliarstvo
|2 SNKPH
|9 83703
|
| 650 |
0 |
7 |
|a moderné maliarstvo
|2 SNKPH
|9 68070
|
| 651 |
|
7 |
|a Spojené štáty americké
|2 SNKPH
|9 18262
|
| 655 |
|
7 |
|a obrazové publikácie
|2 SNKPH
|9 70343
|
| 655 |
|
7 |
|a rozhovory
|2 SNKPH
|9 31831
|
| 700 |
1 |
|
|a Storr, Robert
|4 aut
|4 ivr
|9 595687
|
| 700 |
1 |
|
|a Blazwick, Iwona
|4 aut
|9 595688
|
| 700 |
1 |
|
|a Katz, Alex,
|d 1927-
|4 ive
|9 474884
|
| 919 |
|
|
|a 0-7148-4407-1
|
| 999 |
|
|
|c 915988
|d 917918
|
| 952 |
|
|
|a SNK
|b SNK
|y VYP
|7 0
|p 17A0623734
|o snkIB 72023
|i snk2009/11243
|8 2
|g 52.00
|0 0
|1 0
|4 0
|d 2009-03-17
|l 0
|r 2026-02-24 07:59:04
|w 2026-02-24
|